Agenda azul del Atlántico (Registro nro. 20904)

Detalles MARC
000 -CABECERA
Campo de control 00912nam a22002417a 4500
005 - FECHA Y HORA DE LA ULTIMA TRANSACCION
Campo de control 20200309103205.0
008 - ELEMENTOS DE LONGITUD FIJA—INFORMACION GENERAL
Campo de control 200309b xxu||||| |||| 00| 0 spa d
020 ## - ISBN
ISBN 9789589891568
040 ## - FUENTE DE CATALOGACIÓN
Agencia catalogadora original CO-BoIAVH
Agencia transcriptora CO-BoIAVH
041 ## - IDIOMA
Código de idioma para texto/pista de sonido o título separado Español
044 ## - PAÍS DE PUBLICACIÓN
País de publicación Colombia
082 ## - NUMERO DE CLASIFICACION DECIMAL DEWEY
Número de clasificación 333.91716
Número del ítem C81a
110 ## - ASIENTO PRINCIPAL--NOMBRE CORPORATIVO
9 (RLIN) 13210
Nombre corporativo o de jurisdicción como elemento de entrada Corporación Autónoma Regional del Atlántico CRA
245 ## - MENCION DE TITULO
Título Agenda azul del Atlántico
Parte restante del título Del ordenamiento al diálogo de saberes y a la acción productiva sostenible
Mención de responsabilidad Corporación Autónoma Regional del Atlántico C.R.A
260 ## - PUBLICACION, DISTRIBUCION, ETC. (PIE DE IMPRENTA)
Lugar de publicación, distribución, etc. Barranquilla:
Nombre del editor, distribuidor, etc. Consorcio Agenda Azul 2018,
Fecha de publicación, distribución, etc. 2019.
300 ## - DESCRIPCION FISICA
Extensión 205 páginas,
Otros detalles físicos Fotografías, mapas y gráficas
Dimensiones 28.5 24.7 cm
504 ## - NOTA DE BIBLIOGRAFIA, ETC.
Nota de bibliografía Referencia bibliográficas página 205
650 #0 - ASIENTO SECUNDARIO DE MATERIA - TERMINO TEMATICO
9 (RLIN) 6792
Término temático o nombre geográfico como elemento de entrada Biotecnología
650 #0 - ASIENTO SECUNDARIO DE MATERIA - TERMINO TEMATICO
9 (RLIN) 6171
Término temático o nombre geográfico como elemento de entrada Turismo sostenible
650 #0 - ASIENTO SECUNDARIO DE MATERIA - TERMINO TEMATICO
9 (RLIN) 102785
Término temático o nombre geográfico como elemento de entrada Economía azul
651 #0 - ASIENTO SECUNDARIO DE MATERIA - NOMBRE GEOGRAFICO
9 (RLIN) 34925
Nombre geográfico Atlántico, Colombia
942 ## - ELEMENTOS ADICIONALES (KOHA)
Sistema de clasificación Dewey Decimal Classification
Tipo de ítem Libro
Existencias
Withdrawn status Lost status Sistema de Clasificación Damaged status No para préstamo Colección Ubicación Permanente Ubicación actual Fecha de adquisición Total Checkouts Número topográfico Inventario / Código de Barras Date last seen Date checked out Ejemplar Price effective from Forma de adquisición Tipo de material Public note
    Dewey Decimal Classification     General Bogotá Bogotá 09/03/2020 4 LB-333.91716 C81a 044141 10/03/2020 10/03/2020 Ej. 1 09/03/2020 Donación Libro Incluye CD ROM CID-044142